| 000 | 01262nam a22002537a 4500 | ||
|---|---|---|---|
| 005 | 20170124103149.0 | ||
| 010 | _aB-051206 | ||
| 020 |
_c150.00 _a8186480854 |
||
| 035 | _aB-051206 | ||
| 037 | _bCen Lib/Ret | ||
| 040 |
_aDPL _bHN |
||
| 082 |
_a823.08 _bमजुम |
||
| 100 |
_aमजुमदार, तृप्ति बसाक _97439 |
||
| 245 |
_aउपन्यासकार शिवानी के उपन्यासों का आलोचनात्मक अध्य्यन / _cतृप्ति बसाक मजुमदार |
||
| 246 |
_aUpanyaskaar Shivani ke upanyason ka aalochnatmak adhyyan / _bby Tripti Basak Majumdar |
||
| 260 |
_aनई दिल्ली _bसार्थक प्रकाशन _c2001 |
||
| 270 |
_a100ए, गौतम नगर _bनई दिल्ली _e110049 |
||
| 300 |
_a160पृ. _c20सेमी(सजिल्द) |
||
| 650 |
_aहिन्दी -- साहित्य _987286 |
||
| 650 |
_aहिन्दी -- उपन्यास का सैद्धांतिक विवेचन _987287 |
||
| 650 |
_aHindi literature _987288 |
||
| 650 |
_aHindi - the novel theoretical discussion _987289 |
||
| 942 |
_2ddc _cHN _h823.08 _mमजुम |
||
| 999 |
_c119871 _d119871 |
||